000 00939nam a2200253Ia 4500
003 OSt
005 20220923211042.0
006 a|||||r|||| 00| 0
007 ta
008 220922b |||||||| |||| 00| 0 pan d
020 _a8173804745 (hbk)
_c600
024 _a284,427
037 _b940, 27/03/2015, H.K. Prakashan
_cTextual
040 _aARTS
_cARTS
_bpan
041 _2pan
_apan
082 _aO153,2:g, M8;Q1
100 _aਫੁੱਲ, ਗੁਰਦਿਆਲ ਸਿੰਘ
_9157639
245 0 _aਪੰਜਾਬੀ ਨਾਟਕ
_b ਸਰੂਪ ਸਿੱਧਾਂਤ ਤੇ ਵਿਕਾਸ
260 _aਪਟਿਆਲਾ
_b ਪੰਜਾਬੀ ਯੂਨੀਵਰਸਿਟੀ
_c2011
300 _a330ਪੰ
_ccm.
650 _aਪੰਜਾਬੀ ਸਾਹਿਤ
942 _hO153,2:g, M8;Q1
_cTEXL
_2CC
999 _c294532
_d294532